00229 a2200097 450000100060000008200160000610000150002224500490003726000310008630000140011733020 a623.043 ADA aAdamy, D.L aEW 102:A Second course in electronic warfare aBostonbArtech Housec2004 axv, 275 p